Detalles MARC
| 000 -LÍDER |
| Campo fijo de descripción fija |
01509cam a2200349 i 4500 |
| 001 - NÚMERO DE CONTROL |
| Campo de control |
768714001 |
| 003 - IDENTIFICADOR DEL NÚMERO DE CONTROL |
| Campo de control |
CO-MdFUSB |
| 005 - FECHA Y HORA DE LA ULTIMA TRANSACCIÓN |
| control field |
20190813095447.0 |
| 008 - ELEMENTOS DE LONGITUD FIJA -- INFORMACIÓN GENERAL |
| Campo fijo de descripción fija -- Información general |
140127s2014 -uk g b 000 0 eng d |
| 020 ## - NÚMERO INTERNACIONAL NORMALIZADO PARA LIBROS |
| Número Internacional Normalizado del libro |
9781783689637 |
| Información adicional |
(pbk.) |
| 020 ## - NÚMERO INTERNACIONAL NORMALIZADO PARA LIBROS |
| Número Internacional Normalizado del libro |
1783689633 |
| Información adicional |
(pbk.) |
| 020 ## - NÚMERO INTERNACIONAL NORMALIZADO PARA LIBROS |
| Cancelado / ISBN no válido |
9781783689620 (Mobi) |
| 020 ## - NÚMERO INTERNACIONAL NORMALIZADO PARA LIBROS |
| Cancelado / ISBN no válido |
9781783689613 (ePub) |
| 040 ## - FUENTE DE CATALOGACIÓN |
| Agencia de catalogación original |
UKMGB |
| Idioma de catalogación |
spa |
| Agencia que realiza la transcripción |
CO-MdFUSB |
| Agencia que realiza la modificación |
OCLCO |
| -- |
OCLCF |
| -- |
YDXCP |
| -- |
RCT |
| -- |
OCLCQ |
| -- |
NZABT |
| -- |
DTM |
| -- |
OCLCQ |
| -- |
OCLCO |
| -- |
UKMGB |
| Convenciones de la descripción |
rda |
| 041 ## - CÓDIGO DE IDIOMA |
| Código de idioma para texto/pista de sonido o título separado |
eng |
| 082 ## - NÚMERO DE CLASIFICACIÓN DECIMAL DEWEY |
| Número de la edición del Dewey |
23 |
| Número de clasificación |
G 221.6 |
| Clave de autor-Numero de item |
S254s |
| 100 1# - ASIENTO PRINCIPAL--NOMBRE PERSONAL |
| Nombre personal |
Satyavani, Puttagunta, |
| Término relacionador |
autor. |
| 245 10 - TÍTULO |
| Título del Material |
Seeing the face of God |
| Parte restante del título - Subtitulo |
: exploring an Old Testament theme |
| Mención de responsabilidad, etc. |
/ Puttagunta Satyavani. |
| 264 #1 - PRODUCCIÓN, PUBLICACIÓN, DISTRIBUCIÓN, MANUFACTURA, Y COPYRIGHT |
| Lugar de producción, publicación, distribución, manufactura |
Carlisle, Cumbria UK : |
| Nombre del productor, publicador, distribuidor |
Langham Monographs, |
| Fecha de producción, publicación, distribución, manufactura, o copyright |
℗2014 |
| 264 #4 - PRODUCCIÓN, PUBLICACIÓN, DISTRIBUCIÓN, MANUFACTURA, Y COPYRIGHT |
| Fecha de producción, publicación, distribución, manufactura, o copyright |
©2014 |
| 300 ## - DESCRIPCIÓN FÍSICA |
| Extensión |
xx, 277 páginas ; |
| Dimensiones |
23 cm. |
| 336 ## - TIPO DE CONTENIDO |
| Fuente |
rdacontent. |
| Término de tipo de contenido |
texto |
| Código de tipo de contenido |
txt |
| 337 ## - TIPO DE MEDIO |
| Fuente |
rdamedia. |
| Nombre del tipo de medio |
sin mediación |
| Código del tipo de medio |
n |
| 338 ## - TIPO DE SOPORTE |
| Fuente |
rdacarrier. |
| Nombre del tipo de soporte |
volumen |
| Código Tipo de soporte |
nc |
| 504 ## - NOTA DE BIBLIOGRAFÍA, ETC. |
| Nota de bibliografía, etc |
Bibliografía (páginas 259- 277) |
| 505 ## - NOTA DE CONTENIDO |
| Nota de contenido con formato preestablecido |
El tema y el enfoque -- Las autorrevelaciones de Yahvé / Dios en Génesis -- Vi a Dios cara a cara y mi vida es rescatada: Génesis 32: 25-32 -- Las autorrevelaciones de Yahvé / Dios en Éxodo -- No puedes ver mi rostro, nadie puede verme y vivir: Éxodo 33: 12-23 -- Yahvé hace brillar su rostro y levanta su rostro hacia Israel: Números 6: 22-27 -- Conclusión |
| 630 #7 - TITULO UNIFORME |
| Título uniforme |
Biblia. |
| Nombre de parte o sección de la obra |
Pentateuco |
| Subdivisión de materia general |
Crítica, interpretación, etc. |
| 650 #7 - ASIENTO SECUNDARIO DE MATERIA - TERMINO TEMÁTICO |
| Término temático o nombre geográfico como elemento de entrada |
Dios |
| 9 (RLIN) |
178 |
| 942 ## - TIPO DE MATERIAL (KOHA) |
| Tipo de Item KOHA |
Libros General |
| 945 ## - INFORMACIÓN LOCAL DEL REGISTRO |
| Catalogador |
ANF-558 |